000 00645nam a2200229Ia 4500
003 OSt
005 20220928102649.0
006 a|||||r|||| 00| 0
007 ta
008 220927b |||||||| |||| 00| 0 eng d
024 _a49917
037 _cTextual
040 _aSDCL
_cSDCL
_beng
041 _2eng
_aeng
082 _aV348'N7, L8
100 _aProbert Belinda
_9399725
245 0 _aBeyond orange and green
_b The political Economy of the Northen Ireland crisis
260 _aLondon
_bZed Press
_c1978
300 _a174p
_ccm.
942 _hV348'N7, L8
_cTEXL
_2CC
999 _c715597
_d715597